000 01105cam a2200265La 4500
005 20211029093758.0
008 151002s1978 ck gr 000 0bspa d
040 _aCO-BoUCM
_bspa
_cDavid Avila
_dDavid Avila
041 0 _aspa
043 _as-ck---
100 1 _aSoto, Francisco
_9841
245 1 0 _aMis padecimientos i mi conducta pública
_by otros documentos
_cFrancisco Soto
260 _aBogotá (Colombia)
_bAcademia Colombiana de Historia
_c1978
300 _a191 páginas
490 1 _aColección bolsilibros / Academia Colombiana de Historia
_v33
500 _a"Los textos de los documentos incluidos en el presente libro han sido transcritos literalmente de varias publicaciones."
504 _aIncluye referencias bibliográficas
600 1 0 _aSoto, Francisco
_9841
650 0 _aEstadistas
_zColombia
_971922
651 0 _aColombia
_xPolítica y gobierno
_y1810-
_971852
690 _aHistoria de Colombia
_926508
830 0 _aColección bolsilibros / Academia Colombiana de Historia
_v33
_971923
942 _2DEWEY
_a21
_cLIBRO
_e1
_h986.1
_mS718m
999 _c301503
_d301503